Skoki Narciarskie - Najlepsze Kraje na IO w XXI wieku - Statystyki

Ogólne statystyki
  • Ten quiz został rozwiązany 157 razy
  • Średni wynik to 10 z 11
Statystyki odpowiedzi
🥇 🥈 🥉 Kraj % Poprawnych
3x 5x 4x Polska
100%
5x 4x 2x Austria
98%
1x 3x 5x Japonia
98%
5x 6x 2x Niemcy
98%
4x 3x 4x Słowenia
98%
6x 3x 8x Norwegia
97%
- 3x 1x Finlandia
94%
4x - 1x Szwajcaria
94%
- - 1x Kanada
72%
- - 1x Francja
71%
- 1x - Rosja
71%
Nie znaleziono quizów pasujących do podanych kryteriów
Rozkład punktacji
Procent ludzi z każdym wynikiem
Percentyl według liczby udzielonych odpowiedzi
Twoja historia wyników
Nie rozwiązałeś tego quizu